000 00468nam a2200181Ia 4500
999 _c64617
_d64617
003 0100
005 20181031094354.0
008 130303s9999 xx 000 0 und d
040 _cARRUPELIB
050 _aGN651.E92
100 _aEvans-Pritchard, Edward Evan
_931671
245 4 _aThe position of women in primitive societies and other essays in social anthropology
_cEdward Evan Evans-Pritchard
260 _aLondon
_bFaber and Faber
_c1965
300 _a260p. ;
_c24cm.
650 _aEthnology
_9128
_xAddresses
942 _2lcc
_cMONOGRAPH